Fr. Conceicao Rodrigues College of Engineering

Professional Javascript (Record no. 35299)

MARC details
000 -LEADER
fixed length control field 00352nam a2200181Ia 4500
082 ## - DEWEY DECIMAL CLASSIFICATION NUMBER
Classification number 005.133J/BAA
Item number BAA
100 ## - MAIN ENTRY--PERSONAL NAME
Personal name Baartse/Mark
250 ## - EDITION STATEMENT
Edition statement 2
245 ## - TITLE STATEMENT
Title Professional Javascript
260 ## - PUBLICATION, DISTRIBUTION, ETC.
Name of publisher, distributor, etc. SPD
Date of publication, distribution, etc. 2001
366 ## - TRADE AVAILABILITY INFORMATION
Publishers's discount category 20
300 ## - PHYSICAL DESCRIPTION
Extent 1098
546 ## - LANGUAGE NOTE
Language note ENGLISH
650 ## - SUBJECT ADDED ENTRY--TOPICAL TERM
Topical term or geographic name entry element Java
654 ## - SUBJECT ADDED ENTRY--FACETED TOPICAL TERMS
Focus term javascript
942 ## - ADDED ENTRY ELEMENTS (KOHA)
Koha item type Reference Book
Holdings
Withdrawn status Lost status Damaged status Not for loan Collection Home library Current library Shelving location Date acquired Source of acquisition Cost, normal purchase price Inventory number Total Checkouts Full call number Barcode Date last seen Cost, replacement price Price effective from Koha item type
        CRC Fr. Agnel's C.Rodrigues College of Engineering Fr. Agnel's C.Rodrigues College of Engineering   17/03/2023 Computer Book shop 655.00 431 dt 08/06/2006   005.133J/BAA BAA 16692 17/03/2023 675.00   Reference Book
        CRC Fr. Agnel's C.Rodrigues College of Engineering Fr. Agnel's C.Rodrigues College of Engineering   17/03/2023 Computer Book shop 655.00     005.133J/BAA BAA 16693 17/03/2023 675.00   BOOK